[Event "Mechanics' Summer TNM; G/2 d5"]
[Site "San Francisco"]
[Date "2018.07.03"]
[Round "6.12"]
[White "Shi, Jaysen"]
[Black "Porlares, Teodoro"]
[Result "1-0"]
[WhiteElo "1931"]
[BlackElo "1794"]
[PlyCount "83"]
[EventDate "2018.??.??"]
[Source "ChessBase"]
[SourceDate "2007.09.04"]

1. d4 Nf6 2. Nf3 e6 3. Bf4 Be7 4. e3 b6 5. Nbd2 Bb7 6. Bd3 c5 7. c3 O-O 8. h3
d5 9. O-O Nbd7 10. Ne5 Nxe5 11. Bxe5 a5 12. Qe2 Qc8 13. a4 Ba6 14. Nb1 Bxd3 15.
Qxd3 c4 16. Qd1 Qc6 17. Na3 Nd7 18. Bf4 f6 19. Nb5 e5 20. Bh2 Rfe8 21. Qg4 Rad8
22. Rfd1 Bf8 23. Rd2 g6 24. e4 dxe4 25. d5 Qc5 26. Qxe4 Bh6 27. Rdd1 f5 28. Qe2
Nf6 29. d6 Ne4 30. Nc7 {[#]} Nxf2 31. Rd5 Nxh3+ 32. Kf1 Qc6 33. gxh3 Bg7 34.
Rad1 Rxd6 35. Rxd6 Qxc7 36. Qd2 f4 37. Qd5+ Kh8 38. Rd8 Qe7 39. Rxe8+ Qxe8 40.
Qd8 Qf8 41. Qxf8+ Bxf8 42. Rd5 1-0

[Event "Mechanics' Summer TNM; G/2 d/5"]
[Site "San Francisco"]
[Date "2018.06.19"]
[Round "4.19"]
[White "Shi, Jaysen"]
[Black "Robeal, Rafik"]
[Result "1-0"]
[WhiteElo "1931"]
[BlackElo "1673"]
[Annotator "Winslow,Elliott"]
[PlyCount "67"]
[EventDate "2018.??.??"]
[Source "ChessBase"]
[SourceDate "2007.09.04"]

1. d4 d5 2. Nf3 Nf6 3. Bf4 c5 4. e3 Nc6 5. c3 Qb6 6. Qb3 c4 7. Qxb6 axb6 8.
Nbd2 h6 $6 (8... Bf5 {scores much better}) (8... b5 {is best of all! White
can't stop ...b4, when Black's one problem goes away, leaving White with the
pawn weaknesses.}) 9. Be2 (9. Ne5 $1) 9... Bf5 10. O-O (10. Ne5 $5) 10... e6 {
Now White can just play a2-a3, fixing Black's poor b-pawn} 11. Ne5 Be7 12. Bg3
O-O 13. Bh4 Rfd8 14. f4 Kf8 15. g4 Ne4 16. Bxe7+ Nxe7 17. Ndxc4 dxc4 18. gxf5
b5 19. fxe6 fxe6 20. Rfe1 {pawn up, more weak pawns: technical win.} Nd5 21.
Bf3 Nd6 22. a3 Ke7 23. Kf2 Kf6 24. Rg1 g5 25. fxg5+ hxg5 26. Ke2 Rh8 27. Rg2
Rh3 28. Rf1 Nf5 29. Bxd5 exd5 30. Rgf2 Ke6 31. Rxf5 Rxh2+ 32. R1f2 Rah8 33.
Rf6+ Ke7 34. Ng6+ 1-0

[Event "Mechanics' Shipman TNM; G/2 d/5"]
[Site "San Francisco"]
[Date "2018.09.11"]
[Round "6.35"]
[White "Sikes, Stephen"]
[Black "Agdamag, Samuel Za"]
[Result "0-1"]
[WhiteElo "1349"]
[BlackElo "1594"]
[PlyCount "140"]
[EventDate "2018.??.??"]
[Source "ChessBase"]
[SourceDate "2007.09.04"]

1. e4 d5 2. exd5 Nf6 3. Nf3 e6 4. d4 c6 5. dxc6 Nxc6 6. Nc3 Bb4 7. Bg5 h6 8.
Be3 Ne4 9. Bd2 Nxd2 10. Qxd2 a6 11. a3 Qa5 12. Bc4 Bxc3 13. bxc3 Qc7 14. O-O
O-O 15. Rfe1 b5 16. Bb3 Bb7 17. c4 bxc4 18. Bxc4 Rad8 19. Bb3 Na5 20. Rac1 Bxf3
21. gxf3 Qb6 22. Qb4 Qxb4 23. axb4 Nxb3 24. cxb3 Rb8 25. Rc4 Rb6 26. Ra1 Rfb8
27. Ra4 Kf8 28. Kf1 Ke8 29. Rc7 Rd6 30. Ke2 Rbb6 31. Ke3 Rb5 32. Rc5 Rbb6 33.
Rc7 g6 34. f4 Kf8 35. Ke4 Kg7 36. Kd3 Kf6 37. f3 Rb8 38. h4 h5 39. Kc3 Rbd8 40.
b5 axb5 41. Raa7 Rf8 42. Rab7 Rd5 43. Rc5 Rfd8 44. Rcc7 Rf8 45. Rc5 Rfd8 46.
Rcc7 Rf8 47. Rc5 Kf5 48. Rxd5+ exd5 49. Rxb5 Rd8 50. Rb7 f6 51. Re7 Rd6 52. Rg7
Kxf4 53. Rxg6 Kxf3 54. Rh6 Kg4 55. Kb4 Kxh4 56. Rg6 Rb6+ 57. Kc5 Rxb3 58. Kxd5
Rg3 59. Rxf6 Kg5 60. Rf8 h4 61. Ke4 Kg4 62. Rg8+ Kh3 63. Rh8 Rg7 64. Kf4 Rd7
65. Ke3 Kg3 66. Rg8+ Kh2 67. Rg4 h3 68. Kf2 Rf7+ 69. Ke3 Kh1 70. d5 Kh2 $138 {
Flag (drawn position)} 0-1

[Event "Mechanics' Shipman TNM; G/2 d/5"]
[Site "San Francisco"]
[Date "2018.08.21"]
[Round "3.30"]
[White "Sikes, Stephen"]
[Black "Rakonitz, David"]
[Result "0-1"]
[WhiteElo "1349"]
[BlackElo "1775"]
[PlyCount "70"]
[EventDate "2018.??.??"]
[Source "ChessBase"]
[SourceDate "2007.09.04"]

1. e4 e6 2. d4 d5 3. Nd2 a6 4. Ngf3 c5 5. dxc5 Bxc5 6. Bd3 Nf6 7. O-O dxe4 8.
Nxe4 Be7 9. Re1 O-O 10. Be3 Nbd7 11. Qd2 b5 12. a3 Bb7 13. Nxf6+ Nxf6 14. Qe2
Qc7 15. h3 Rfd8 16. Rac1 Be4 17. Nd4 Qb7 18. f3 Bxd3 19. cxd3 Rac8 20. b4 Qd5
21. Red1 Bd6 22. Qb2 $2 Qe5 23. Qf2 Qh2+ 24. Kf1 h6 (24... Nd5) 25. f4 $2 Nd5
$19 26. Rxc8 Rxc8 27. Bd2 Bxf4 28. Bxf4 Nxf4 29. Nf3 Qh1+ 30. Qg1 Qxg1+ 31.
Nxg1 Rc2 32. g3 Ng2 33. Ne2 Ne3+ 34. Ke1 Nxd1 35. Kxd1 Ra2 0-1

[Event "Mechanics' Winter TNM; G/2 d5"]
[Site "San Francisco"]
[Date "2018.01.23"]
[Round "3.21"]
[White "Simpkins, Jerry"]
[Black "Anderson, Michael"]
[Result "0-1"]
[WhiteElo "1580"]
[BlackElo "1900"]
[PlyCount "50"]
[EventDate "2018.??.??"]
[Source "ChessBase"]
[SourceDate "2007.09.04"]

1. e4 c5 2. f4 d5 3. e5 Nc6 4. d3 Bf5 5. g4 Bd7 6. h3 g6 7. c3 Bg7 8. Nf3 f6 9.
Qe2 fxe5 10. fxe5 e6 11. Na3 a6 12. Bg2 Nge7 13. Bf4 O-O 14. Qd2 b5 15. Bh6 d4
16. O-O Nd5 17. Bxg7 Kxg7 18. Nc2 dxc3 19. bxc3 Nf4 20. d4 Nxg2 21. Kxg2 Ne7
22. Kh2 Bc6 23. Ng5 Qd7 24. Ne3 h6 25. Rxf8 Rxf8 {
and Black went on to win. Remaining moves illegible.} 0-1

[Event "Mechanics' Vartan Bedjanian TNM; G/2 d/"]
[Site "San Francisco"]
[Date "2018.11.07"]
[Round "3.18"]
[White "Simpkins, Jerry"]
[Black "Babayan, Gagik"]
[Result "0-1"]
[WhiteElo "1545"]
[BlackElo "1833"]
[PlyCount "92"]
[EventDate "2018.??.??"]
[Source "ChessBase"]
[SourceDate "2007.09.04"]

1. e4 e6 2. f4 d5 3. e5 c5 4. d3 Nc6 5. c3 d4 6. c4 g6 7. Nd2 a5 8. Ngf3 Bg7 9.
Ne4 Bf8 10. g3 b6 11. Bg2 Bb7 12. O-O f5 13. Neg5 Qd7 14. Qa4 h6 15. Nh3 Nxe5
16. Qxd7+ Nxd7 17. Re1 Kf7 18. Ne5+ Nxe5 19. Bxb7 Rb8 20. Rxe5 Rxb7 21. Bd2 Bd6
22. Re2 Nf6 23. Nf2 Re7 24. a3 e5 25. fxe5 Rxe5 26. Rxe5 Bxe5 27. b4 axb4 28.
axb4 cxb4 29. Ra7+ Ke6 30. Bxb4 Nd7 31. Ra6 Bd6 32. Bd2 g5 33. Nh3 Rc8 34. Ra2
Nc5 35. Nf2 Nb3 36. Rb2 Nxd2 37. Rxd2 Ra8 38. Rb2 Bc5 39. Re2+ Kf6 40. h3 h5
41. g4 hxg4 42. hxg4 fxg4 43. Nxg4+ Kf5 44. Re4 Ra3 45. Nf2 Rxd3 46. Re8 Rc3
0-1

[Event "Mechanics' Summer TNM; G/2 d/5"]
[Site "San Francisco"]
[Date "2018.07.10"]
[Round "7.29"]
[White "Simpkins, Jerry"]
[Black "Badgett Jr, James"]
[Result "1-0"]
[WhiteElo "1588"]
[BlackElo "1220"]
[Annotator "Donaldson"]
[PlyCount "61"]
[EventDate "2018.??.??"]
[Source "ChessBase"]
[SourceDate "2007.09.04"]

1. e4 c5 2. f4 d5 3. e5 a6 4. d3 Nc6 5. c3 Bf5 6. g4 Bd7 7. Na3 e6 8. Nf3 Be7
9. Be3 Nh6 10. h3 f6 11. g5 Nf5 12. gxf6 gxf6 13. Bf2 fxe5 14. fxe5 Rg8 15. Qe2
d4 16. Nc4 b5 17. Ncd2 Ne3 18. Bxe3 dxe3 19. Qxe3 Bg5 20. Nxg5 Qxg5 21. Qxg5
Rxg5 22. Ne4 Rxe5 23. O-O-O O-O-O 24. Nd6+ Kb8 25. Nf7 Rf8 26. Nxe5 Nxe5 27.
Bg2 Rf4 28. Be4 h6 29. Rdf1 Rh4 30. Rf8+ Kc7 31. Ra8 $4 {
Black resigned here missing the resource} (31. Rh8 $18) (31. Ra8 Nxd3+ $1 32.
Bxd3 Bc6 33. Rxa6 Bxh1 34. Bxb5 Rxh3 {with excellent chances to resist.}) 1-0

[Event "Mechanics' Bedjanian TNM; G/2 d/5"]
[Site "San Francisco"]
[Date "2018.12.18"]
[Round "9.31"]
[White "Simpkins, Jerry"]
[Black "Bayaraa, Timothy"]
[Result "1-0"]
[WhiteElo "1545"]
[BlackElo "1075"]
[PlyCount "65"]
[EventDate "2018.??.??"]
[Source "ChessBase"]
[SourceDate "2007.09.04"]

1. e4 e5 2. Nf3 Nc6 3. Bc4 Bc5 4. c3 Bb6 5. d4 exd4 6. cxd4 Qe7 7. Nc3 Ba5 8.
O-O d6 9. Ng5 Nh6 10. Nd5 Qd7 11. Be3 f6 12. Ne6 Qf7 13. Nef4 g5 14. Nh5 Ng4
15. Ndxf6+ Qxf6 16. Nxf6+ Nxf6 17. Bxg5 Ke7 18. Qh5 Rf8 19. e5 dxe5 20. dxe5
Nxe5 21. Bxf6+ Kxf6 22. Qh6+ Ng6 23. Qxh7 Bf5 24. Qh5 Nf4 25. Qh4+ Ke5 26.
Rfe1+ Bxe1 27. Rxe1+ Kd6 28. Qxf4+ Kc6 29. Qh6+ Kc5 30. Bb3 Rad8 31. Re5+ Kb4
32. Qf4+ Be4 33. Qxe4+ 1-0

[Event "Mechanics' Summer TNM; G/2 d/5"]
[Site "San Francisco"]
[Date "2018.06.12"]
[Round "3.43"]
[White "Simpkins, Jerry"]
[Black "Carron, Joel"]
[Result "1/2-1/2"]
[WhiteElo "1588"]
[BlackElo "1382"]
[PlyCount "62"]
[EventDate "2018.??.??"]
[Source "ChessBase"]
[SourceDate "2007.09.04"]

1. e4 c5 2. f4 d6 3. Nf3 Nc6 4. Nc3 g6 5. Bc4 Bg7 6. d3 Na5 7. Bb3 Nxb3 8. axb3
Nf6 9. O-O O-O 10. Ng5 h6 11. Nf3 Bg4 12. Qe1 Nd7 13. h3 Bxf3 14. Rxf3 Nb8 15.
f5 Nc6 16. fxg6 fxg6 17. Rxf8+ Qxf8 18. Qg3 Kh7 19. Be3 Nd4 20. Bxd4 Bxd4+ 21.
Kh1 Be5 22. Qg4 Qf7 23. Qf3 Rf8 24. Rxa7 Qxf3 25. gxf3 Rxf3 26. Rxb7 Rxh3+ 27.
Kg1 Bf6 28. Nd5 Rf3 29. Nxe7 Bd4+ 30. Kh1 Rf7 31. Rc7 Bxb2 1/2-1/2

[Event "Mechanics' Spring TNM; G/2 d5"]
[Site "San Francisco"]
[Date "2018.03.20"]
[Round "1.6"]
[White "Simpkins, Jerry"]
[Black "Chambers, Ezra Pau"]
[Result "0-1"]
[WhiteElo "1580"]
[BlackElo "2277"]
[PlyCount "32"]
[EventDate "2018.??.??"]
[Source "ChessBase"]
[SourceDate "2007.09.04"]

1. e4 e6 2. f4 d5 3. e5 c5 4. d3 Nc6 5. c3 Nh6 6. Na3 Nf5 7. Nf3 h5 8. Nc2 b5
9. Ne3 Nce7 10. Be2 Nxe3 11. Bxe3 Nf5 12. Bf2 Be7 13. a4 b4 14. d4 bxc3 15.
Bb5+ Kf8 16. bxc3 c4 {The position is equal. Remaining moves are unavailable.}
0-1

[Event "Mechanics' Spring TNM; G/2 d5"]
[Site "San Francisco"]
[Date "2018.04.03"]
[Round "3.46"]
[White "Simpkins, Jerry"]
[Black "Cowgill, Jackie"]
[Result "1-0"]
[WhiteElo "1580"]
[BlackElo "1080"]
[Annotator "Donaldson"]
[PlyCount "79"]
[EventDate "2018.??.??"]
[Source "ChessBase"]
[SourceDate "2007.09.04"]

1. e4 e5 2. Nf3 Nc6 3. Bc4 Bc5 4. c3 Nf6 5. O-O (5. d4) 5... O-O (5... Nxe4) 6.
Nxe5 $2 (6. d4) 6... Nxe5 7. d4 Nxc4 8. dxc5 Re8 9. Bg5 Ne5 (9... h6) 10. f4 h6
$2 (10... Ng6 11. e5 h6) 11. fxe5 Rxe5 12. Bxf6 gxf6 13. Qd4 Qe7 14. Nd2 Qxc5
15. Rxf6 d6 16. Rxh6 Be6 17. Rf1 Re8 18. b4 Qxd4+ 19. cxd4 Rg5 20. d5 Bd7 21.
Rhf6 Rg7 22. R1f4 Kf8 23. h4 Ke7 24. Nf3 c6 25. Ng5 Rf8 26. Ne6 Bxe6 27. dxe6
b5 28. h5 c5 29. bxc5 dxc5 30. h6 Rh7 31. Kf2 c4 32. Ke2 b4 33. Kd2 $2 {
Diagram [#]} (33. Rxf7+ Rfxf7 34. Rxf7+ Rxf7 35. exf7 Kxf7 36. e5 $18) 33... a5
$2 (33... Rd8+ 34. Kc2 fxe6 $16) 34. e5 (34. Rxf7+) 34... c3+ 35. Kc2 a4 36.
Rxb4 fxe6 37. Rb7+ Ke8 38. Rxh7 Rxf6 39. exf6 e5 40. Re7+ 1-0

[Event "Mechanics' Bedjanian TNM; G/2 d/5"]
[Site "San Francisco"]
[Date "2018.11.20"]
[Round "5.36"]
[White "Simpkins, Jerry"]
[Black "Cowgill, Jackie"]
[Result "0-1"]
[WhiteElo "1545"]
[BlackElo "1007"]
[Annotator "Winslow,Elliott"]
[PlyCount "94"]
[EventDate "2018.??.??"]
[Source "ChessBase"]
[SourceDate "2007.09.04"]

1. e4 e5 2. Nf3 Nc6 3. Bc4 Be7 4. Nc3 Nf6 5. d3 O-O 6. Be3 d6 7. O-O a6 8. Ng5
Qe8 9. f4 Nd8 10. f5 b5 11. Bd5 c6 12. Bb3 Bd7 13. Rf3 Nb7 14. Rh3 h6 15. Nf3
Nc5 16. Bxc5 $2 (16. Bxh6 $1 gxh6 17. Qd2 Ng4 18. Rg3 $16) 16... dxc5 17. Nxe5
c4 18. dxc4 $4 (18. Nxd7 Qxd7 19. dxc4 Bc5+ 20. Kh1 Qxd1+ 21. Nxd1 (21. Rxd1 b4
22. Na4 Nxe4 23. Nxc5 Nf2+ 24. Kg1 Nxd1 $17) 21... Nxe4 $15) 18... Bc5+ 19. Kh1
Qxe5 $19 20. cxb5 axb5 21. Qe2 Qe8 $2 22. e5 Nd5 (22... Bxf5 $142 23. exf6 Qxe2
24. Nxe2 Bxh3) 23. Nxd5 cxd5 24. Bxd5 $2 (24. Rf3) 24... Bxf5 25. Rc3 Rc8 26.
Re1 Bb4 (26... b4) (26... Be6) 27. Rxc8 Qxc8 (27... Bxc8) 28. c3 Be7 29. Qxb5
Be6 30. c4 Bxd5 $2 31. cxd5 Bg5 32. d6 Qc2 33. Qb4 Bd2 34. Qh4 Bxe1 35. Qxe1
Qxb2 36. e6 fxe6 37. Qxe6+ Kh8 38. h3 Qb8 (38... Qc1+ 39. Kh2 Qf4+ 40. Kg1 Rb8
41. Qg6 Rc8) 39. Qe7 Re8 40. Qf7 Qd8 41. a4 Rf8 42. Qd5 Qf6 43. a5 Rd8 44. d7
Qe7 45. a6 Rxd7 46. Qa5 Ra7 47. Qb6 Ra8 0-1

[Event "Mechanics' Bedjanian TNM; G/2 d/5"]
[Site "San Francisco"]
[Date "2018.11.20"]
[Round "5.36"]
[White "Simpkins, Jerry"]
[Black "Cowgill, Jackie"]
[Result "0-1"]
[WhiteElo "1545"]
[BlackElo "1007"]
[Annotator "Winslow,Elliott"]
[PlyCount "94"]
[EventDate "2018.??.??"]
[Source "ChessBase"]
[SourceDate "2007.09.04"]

1. e4 e5 2. Nf3 Nc6 3. Bc4 Be7 4. Nc3 Nf6 5. d3 O-O 6. Be3 d6 7. O-O a6 8. Ng5
Qe8 9. f4 Nd8 10. f5 b5 11. Bd5 c6 12. Bb3 Bd7 13. Rf3 Nb7 14. Rh3 h6 15. Nf3
Nc5 16. Bxc5 $2 (16. Bxh6 $1 gxh6 17. Qd2 Ng4 18. Rg3 $16) 16... dxc5 17. Nxe5
c4 18. dxc4 $4 (18. Nxd7 Qxd7 19. dxc4 Bc5+ 20. Kh1 Qxd1+ 21. Nxd1 (21. Rxd1 b4
22. Na4 Nxe4 23. Nxc5 Nf2+ 24. Kg1 Nxd1 $17) 21... Nxe4 $15) 18... Bc5+ 19. Kh1
Qxe5 $19 20. cxb5 axb5 21. Qe2 Qe8 $2 22. e5 Nd5 (22... Bxf5 $142 23. exf6 Qxe2
24. Nxe2 Bxh3) 23. Nxd5 cxd5 24. Bxd5 $2 (24. Rf3) 24... Bxf5 25. Rc3 Rc8 26.
Re1 Bb4 (26... b4) (26... Be6) 27. Rxc8 Qxc8 (27... Bxc8) 28. c3 Be7 29. Qxb5
Be6 30. c4 Bxd5 $2 31. cxd5 Bg5 32. d6 Qc2 33. Qb4 Bd2 34. Qh4 Bxe1 35. Qxe1
Qxb2 36. e6 fxe6 37. Qxe6+ Kh8 38. h3 Qb8 (38... Qc1+ 39. Kh2 Qf4+ 40. Kg1 Rb8
41. Qg6 Rc8) 39. Qe7 Re8 40. Qf7 Qd8 (40... Re1+ 41. Kh2 Qxd6+ 42. g3 Qd2+ {
mating}) 41. a4 Rf8 42. Qd5 Qf6 43. a5 Rd8 44. d7 Qe7 45. a6 Rxd7 46. Qa5 Ra7
47. Qb6 Ra8 0-1

[Event "Mechanics' Summer TNM; G/2 d/5"]
[Site "San Francisco"]
[Date "2018.06.26"]
[Round "5.35"]
[White "Simpkins, Jerry"]
[Black "Frank, Robert H"]
[Result "1-0"]
[WhiteElo "1588"]
[BlackElo "1278"]
[Annotator "Donaldson"]
[PlyCount "35"]
[EventDate "2018.??.??"]
[Source "ChessBase"]
[SourceDate "2007.09.04"]

1. e4 e5 2. Nf3 Nf6 3. Nc3 Nc6 4. d4 exd4 5. Nxd4 Bb4 6. Nf5 $2 O-O 7. Bd3 Re8
(7... d5 $1 8. exd5 Re8+ $17) 8. O-O Bxc3 9. bxc3 Nxe4 $2 (9... d6) 10. Qg4 Qf6
11. Bxe4 Ne5 $2 (11... d5 12. Bd3 Re5 13. Qxg7+ Qxg7 14. Nxg7 Kxg7 15. Bf4 Re7
16. Rae1 $16) 12. Qh3 g6 13. Nh6+ Kh8 14. f4 Nc4 15. Bd5 Nd6 16. Ba3 Rf8 17.
Bc5 Qxc3 18. Qxc3+ 1-0

[Event "Mechanics' Winter TNM; G/2 d5"]
[Site "San Francisco"]
[Date "2018.02.06"]
[Round "5.47"]
[White "Simpkins, Jerry"]
[Black "Frank, Robert H"]
[Result "1-0"]
[WhiteElo "1580"]
[BlackElo "1282"]
[PlyCount "47"]
[EventDate "2018.??.??"]
[Source "ChessBase"]
[SourceDate "2007.09.04"]

1. e4 e5 2. Nf3 Nf6 3. Nc3 Nc6 4. Bc4 Bb4 5. d3 d5 6. exd5 Nxd5 7. Bd2 Nxc3 8.
bxc3 Be7 9. O-O O-O 10. Qe2 Bf6 11. h3 Re8 12. Rab1 Na5 13. Bb3 Nxb3 14. cxb3
Bf5 15. Ne1 Qd7 16. Rd1 Rad8 17. Be3 a5 18. f3 Bh4 19. Bf2 Bg5 20. h4 Bf6 21.
g4 Be6 22. Nc2 g6 23. Be3 Qc6 24. Qd2 {Remaining moves unavailable.} 1-0

[Event "Mechanics' Summer TNM; G/2 d/5"]
[Site "San Francisco"]
[Date "2018.05.29"]
[Round "1.10"]
[White "Simpkins, Jerry"]
[Black "Kobernat, Alan E"]
[Result "0-1"]
[WhiteElo "1588"]
[BlackElo "2000"]
[PlyCount "47"]
[EventDate "2018.??.??"]
[Source "ChessBase"]
[SourceDate "2007.09.04"]

1. e4 e5 2. Nf3 Nc6 3. Bc4 Nf6 4. Ng5 d5 5. exd5 Na5 6. d3 h6 7. Nf3 e4 8. Nd4
(8. dxe4) 8... c6 9. Bf4 Nxd5 10. Bxd5 Qxd5 11. dxe4 Qxe4+ 12. Qe2 Qxe2+ 13.
Nxe2 Bg4 14. f3 Bh5 15. O-O Bc5+ 16. Kh1 O-O 17. c3 Nc4 18. b4 Be3 19. a4 Rad8
20. Na3 Nxa3 21. Rxa3 Rfe8 22. c4 Bd2 23. Bxd2 Rxd2 24. Nf4 {
Black has a clear advantage and went on to win. Remaining moves unavailable.}
0-1

[Event "Mechanics' Shipman TNM; G/2 d/5"]
[Site "San Francisco"]
[Date "2018.08.14"]
[Round "2.14"]
[White "Simpkins, Jerry"]
[Black "Krasnov, Steven"]
[Result "0-1"]
[WhiteElo "1565"]
[BlackElo "1863"]
[PlyCount "66"]
[EventDate "2018.??.??"]
[Source "ChessBase"]
[SourceDate "2007.09.04"]

1. e4 c5 2. f4 Nc6 3. c3 d5 4. e5 Bf5 5. d3 e6 6. Nf3 Be7 7. Na3 Nh6 8. Nc2 O-O
9. Be2 f6 10. O-O Qc7 11. d4 Rac8 12. Bd3 cxd4 13. Bxf5 Nxf5 14. g4 Nh6 15.
Nfxd4 Nxd4 16. Nxd4 fxe5 17. Nxe6 Qb6+ 18. Kh1 Qxe6 19. f5 Qc6 20. Bxh6 gxh6
21. Qb3 Kh8 22. h3 Bg5 23. Rae1 d4+ 24. Kh2 Bf4+ 25. Rxf4 exf4 26. Re6 Qf3 27.
Qb5 Qg3+ 28. Kh1 Qxh3+ 29. Kg1 Qxg4+ 30. Kf1 Qxf5 31. Re5 Qh3+ 32. Ke1 dxc3 33.
Re7 Qh4+ 0-1

[Event "Mechanics' Shipman TNM; G/2 d/5"]
[Site "San Francisco"]
[Date "2018.08.07"]
[Round "1.38"]
[White "Simpkins, Jerry"]
[Black "Lepera, Joseph Ant"]
[Result "1-0"]
[WhiteElo "1565"]
[BlackElo "1009"]
[PlyCount "41"]
[EventDate "2018.??.??"]
[Source "ChessBase"]
[SourceDate "2007.09.04"]

1. e4 c5 2. f4 Nc6 3. d3 g6 4. c3 Nf6 5. Na3 Bg7 6. Nc2 O-O 7. Nf3 d5 8. e5 Ne8
9. Be3 Bf5 10. Bxc5 b6 11. Ba3 Nc7 12. Ne3 a5 13. Nxf5 gxf5 14. Ng5 b5 15. Qh5
h6 16. h4 b4 17. g4 fxg4 18. Qxg4 bxa3 19. Qf5 hxg5 20. hxg5 e6 $4 21. Qh7# 1-0

[Event "Mechanics' Spring TNM; G/2 d5"]
[Site "San Francisco"]
[Date "2018.04.17"]
[Round "5.32"]
[White "Simpkins, Jerry"]
[Black "Mays, Jerry L"]
[Result "1-0"]
[WhiteElo "1580"]
[BlackElo "1700"]
[Annotator "Winslow,Elliott"]
[PlyCount "59"]
[EventDate "2018.??.??"]
[Source "ChessBase"]
[SourceDate "2007.09.04"]

1. e4 e5 2. Nf3 Nc6 3. Bc4 Nf6 4. Ng5 d5 5. exd5 Na5 6. d3 (6. Bb5+ {
is far more critical}) 6... Nxc4 7. dxc4 Bc5 8. Nc3 O-O 9. Nge4 Be7 10. O-O a6
11. f4 Nxe4 12. Nxe4 Bf5 13. Ng3 Bc5+ 14. Kh1 Qd7 15. fxe5 Bg4 16. Qd3 Rfe8 17.
Bf4 h5 18. Ne4 Ba7 19. Bg3 h4 20. Ng5 g6 21. Ne4 hxg3 22. Nf6+ Kg7 23. Nxd7 Rh8
24. Qxg3 Rxh2+ 25. Qxh2 Bxd7 26. Rf6 Bf5 27. Rf1 Rh8 28. Qxh8+ Kxh8 29. Rxf7
Kg8 30. Rxc7 1-0

[Event "Mechanics' Shipman TNM; G/2 d/5"]
[Site "San Francisco"]
[Date "2018.09.18"]
[Round "7.36"]
[White "Simpkins, Jerry"]
[Black "Olson, David R"]
[Result "1-0"]
[WhiteElo "1565"]
[BlackElo "1416"]
[PlyCount "63"]
[EventDate "2018.??.??"]
[Source "ChessBase"]
[SourceDate "2007.09.04"]

1. e4 e5 2. Nf3 d6 3. d4 exd4 4. Nxd4 Nf6 5. Nc3 a6 6. f4 Bg4 7. Be2 Qd7 8. O-O
Bxe2 9. Qxe2 Be7 10. Nf5 O-O 11. Be3 Bd8 12. Rad1 g6 13. Ng3 Ng4 14. Bc1 Qc6
15. f5 Ne5 16. Bh6 Re8 17. fxg6 hxg6 18. Qf2 Qc4 19. Be3 Qc6 20. Nd5 Nbd7 21.
Qf4 Qxc2 22. Rc1 Qxb2 23. Nxc7 Bxc7 24. Rxc7 Qxa2 25. Rxb7 Qe6 26. h3 Nd3 27.
Qg5 N3c5 28. Bxc5 dxc5 29. Nf5 Qxe4 30. Rxd7 Qe5 31. Nh6+ Kh8 32. Nxf7+ 1-0

[Event "Mechanics' Walter Shipman TNM G/2 d/5"]
[Site "San Francisco"]
[Date "2018.10.02"]
[Round "9.21"]
[White "Simpkins, Jerry"]
[Black "Otterbach, Renate"]
[Result "0-1"]
[WhiteElo "1565"]
[BlackElo "1082"]
[PlyCount "61"]
[EventDate "2018.??.??"]
[Source "ChessBase"]
[SourceDate "2007.09.04"]

1. e4 e5 2. Nf3 Nc6 3. Bc4 Nf6 4. Ng5 d5 5. exd5 Nxd5 6. Nxf7 Kxf7 7. Qf3+ Ke8
$2 (7... Ke6) 8. Bxd5 Qf6 9. Bxc6+ Qxc6 10. Qxc6+ bxc6 11. Nc3 Bd6 12. d3 Kf7
13. O-O Rf8 14. f4 Bc5+ 15. Kh1 Kg8 16. Ne4 Bb6 17. Bd2 Rf5 18. fxe5 Rxe5 19.
Bf4 Re7 20. Bg5 Rf7 21. Rxf7 Kxf7 22. Rf1+ Kg8 23. Be7 Be6 24. Ng5 Bd5 25. c4
h6 26. cxd5 hxg5 27. dxc6 Re8 28. Bxg5 Re2 29. Bc1 Rc2 30. h3 Rxc6 31. b3 {
Scoresheet breaks down. How did she win??} 0-1

[Event "Mechanics' Bedjanian TNM; G/2 d/5"]
[Site "San Francisco"]
[Date "2018.10.30"]
[Round "2.38"]
[White "Simpkins, Jerry"]
[Black "Otterbach, Renate"]
[Result "1-0"]
[WhiteElo "1545"]
[BlackElo "1287"]
[PlyCount "40"]
[EventDate "2018.??.??"]
[Source "ChessBase"]
[SourceDate "2007.09.04"]

1. e4 c5 2. f4 g6 3. Nf3 Bg7 4. c3 Nc6 5. d3 e6 6. Na3 Nge7 7. g3 d5 8. e5 a6
9. Nc2 f6 10. Qe2 fxe5 11. fxe5 Nf5 12. Bh3 O-O 13. O-O b5 14. Ne3 d4 15. Nxf5
exf5 16. Bf4 Be6 17. Ng5 Qd7 18. Bg2 dxc3 19. bxc3 Rad8 20. Bxc6 Qxc6 {
The position is roughly equal but White went on to win. The remaining moves
are unavailable.} 1-0

[Event "Mechanics' Bedjanian TNM; G/2 d/5"]
[Site "San Francisco"]
[Date "2018.12.04"]
[Round "7.34"]
[White "Simpkins, Jerry"]
[Black "Revi, Frank"]
[Result "1-0"]
[WhiteElo "1545"]
[BlackElo "1459"]
[Annotator "Winslow,Elliott"]
[PlyCount "55"]
[EventDate "2018.??.??"]
[Source "ChessBase"]
[SourceDate "2007.09.04"]

1. e4 c5 2. f4 d6 3. Nf3 Nc6 4. c3 e6 5. Na3 a6 6. Nc2 Nf6 7. d3 Qc7 8. g3 b5
9. Bg2 Bb7 10. O-O Rd8 11. Qe2 Be7 12. e5 dxe5 13. fxe5 Ng4 14. Bf4 h6 15. h3
g5 {[#]} 16. Bd2 $4 (16. hxg4 gxf4 17. gxf4 $18) 16... Ngxe5 $2 $18 (16...
Ncxe5 $1 17. hxg4 (17. Nxe5 $2 Bxg2 18. hxg4 Bxf1 19. Kxf1 (19. Rxf1 $2 Rd5 20.
Nxf7 Qxg3+ 21. Qg2 Qxg2+ 22. Kxg2 Rh7)) 17... Nxd3 $14) 17. Nxe5 Rf8 18. Nxc6
Bxc6 19. Bxc6+ Qxc6 20. d4 Rd7 21. Qh5 e5 22. Rac1 Qd6 23. Qf3 Qe6 24. Qg4 Qc6
25. Be3 e4 26. dxc5 f5 27. Rxf5 Kd8 28. Nd4 1-0

[Event "Mechanics' Winter TNM; G/2 d5"]
[Site "San Francisco"]
[Date "2018.01.09"]
[Round "1.2"]
[White "Simpkins, Jerry"]
[Black "Shaw, Tenzing Will"]
[Result "0-1"]
[WhiteElo "1580"]
[BlackElo "2297"]
[PlyCount "40"]
[EventDate "2018.??.??"]
[Source "ChessBase"]
[SourceDate "2007.09.04"]

1. e4 e6 2. f4 d5 3. e5 c5 4. d3 Nc6 5. c3 Nge7 6. Na3 Nf5 7. Nc2 $2 (7. Nf3)
7... Qh4+ 8. Ke2 Ng3+ 9. hxg3 Qxh1 10. Kf2 Qh6 11. f5 g5 12. Nf3 Rg8 13. f6 {
Diagram [#]} Nxe5 $1 14. Nxe5 Qxf6+ 15. Nf3 g4 16. Ne3 gxf3 17. gxf3 Bd6 18. f4
Rxg3 $1 19. Kxg3 Qxf4+ 20. Kg2 Qg3+ 0-1

[Event "Mechanics' Spring TNM; G/2 d5"]
[Site "San Francisco"]
[Date "2018.05.01"]
[Round "7.32"]
[White "Simpkins, Jerry"]
[Black "Starr, Albert"]
[Result "1-0"]
[WhiteElo "1580"]
[BlackElo "1523"]
[Annotator "Winslow,Elliott"]
[PlyCount "35"]
[EventDate "2018.??.??"]
[Source "ChessBase"]
[SourceDate "2007.09.04"]

1. e4 e5 2. Nf3 Nf6 3. Bc4 Nxe4 4. Nxe5 d5 5. Qf3 Be6 6. Bb3 Bc5 7. O-O O-O 8.
Nc3 Nxc3 9. bxc3 c6 10. d4 Bd6 (10... Bb6) 11. Bf4 Qc7 (11... f6 12. Nd3 Bf7)
12. Qg3 g6 $4 {[#]} (12... Nd7 $11) 13. Bh6 $2 (13. Nxg6 $1) 13... Re8 (13...
Bxe5 14. dxe5 Re8 15. Bf4 Bf5 16. c4) 14. f4 Nd7 15. Qg5 $4 (15. f5) 15... Bf8
$4 (15... f6 $19) 16. Nxd7 $6 (16. Bxf8 f6 17. Qg3 fxe5 18. Bh6) 16... Bxh6 $4
(16... Qxd7) 17. Nf6+ Kh8 $4 (17... Kf8 $2) (17... Kg7) 18. Qxh6 1-0